SICCMICC Kávézó Arculat

Elmentve itt :
Bibliográfiai részletek
Szerző: Gémes Noémi
További közreműködők: Szalay Ignác (Témavezető)
Dokumentumtípus: Szakdolgozat
Megjelent: 2020
Tárgyszavak:
Online Access:http://diploma.bibl.u-szeged.hu/111431
LEADER 00776nta a2200217 i 4500
001 dipl111431
005 20210408091014.0
008 210408s2020 hu om 0|| zxx d
040 |a SZTE Diploma Repozitórium  |b hun 
041 |a zxx 
100 1 |a Gémes Noémi 
245 1 0 |a SICCMICC Kávézó Arculat  |h [elektronikus dokumentum] /  |c Noémi Gémes 
246 1 0 |a SICCMICC Cafe Corporate Identity  |h [elektronikus dokumentum] 
260 |c 2020 
650 4 |a Pedagógusképzés 
650 4 |a Humanities 
650 4 |a Arts (arts, history of arts, performing arts, music) 
650 4 |a Arts, art history 
650 4 |a Visual arts, performing arts, design 
700 1 |a Szalay Ignác  |e ths 
856 4 0 |u http://diploma.bibl.u-szeged.hu/id/eprint/111431/1/2020_gemes_noemi.pdf  |z Dokumentum-elérés